Sports Quiz

Random Sports or NCAA Quiz
Score 0/68 Timer 08:00
0 Plays Today
Region Team % Correct
MidwestDuke
93.7%
SouthFlorida
90.9%
MidwestMichigan
90%
MidwestKentucky
89.8%
EastNorth Carolina
89.1%
SouthKansas
88.4%
EastMichigan State
87.5%
WestArizona
84.8%
EastVirginia
82.4%
SouthUCLA
82.2%
MidwestTexas
81.7%
SouthOhio State
81.3%
WestWisconsin
80.3%
MidwestLouisville
79.5%
SouthSyracuse
78.5%
WestOklahoma
77.5%
MidwestIowa
77%
MidwestWichita State
75.4%
WestOregon
74.9%
EastConnecticut
74.6%
EastVillanova
73.6%
MidwestNorth Carolina State
71.8%
WestOklahoma State
71.6%
MidwestKansas State
71.1%
MidwestTennessee
71.1%
EastIowa State
69.2%
WestGonzaga
68.1%
MidwestArizona State
65.5%
EastHarvard
64.9%
SouthNew Mexico
63.5%
SouthPittsburgh
62.8%
SouthStanford
62.7%
WestBaylor
62.5%
SouthColorado
60.8%
Region Team % Correct
WestCreighton
58.8%
WestNebraska
57.2%
SouthVirginia Commonwealth
56.1%
WestSan Diego State
55.9%
SouthDayton
54.6%
EastCincinnati
54.6%
WestBrigham Young
54%
EastMemphis
53.5%
MidwestXavier
52%
WestNew Mexico State
50.3%
MidwestMassachusetts
48.1%
EastProvidence
45.9%
WestNorth Dakota State
45.1%
MidwestSaint Louis
45.1%
EastSaint Joseph's
44.9%
SouthAlbany
39.6%
MidwestMercer
38.9%
SouthStephen F. Austin
35.9%
EastGeorge Washington
35.2%
SouthTulsa
33%
SouthWestern Michigan
31%
WestLouisiana Lafayette
30.4%
EastDelaware
30.3%
MidwestCal Poly
29.7%
MidwestManhattan
29.6%
WestAmerican
29.5%
EastCoastal Carolina
28.3%
MidwestWofford
27.5%
SouthEastern Kentucky
26.9%
WestWeber State
26.1%
SouthMount St. Mary's
25.2%
EastMilwaukee
24.8%
MidwestTexas Southern
23%
EastNorth Carolina Central
22.6%
Remove Ads.
Support Sporcle.
Get the best of Sporcle when you Go Orange. This ad-free experience offers more features, more stats, and more fun while also helping to support Sporcle. Thank you for becoming a member.

You're not logged in!

Compare scores with friends on all Sporcle quizzes.
OR
Log In

Show Comments

Extras

Top Quizzes Today


Score Distribution

Your Account Isn't Verified!

In order to create a playlist on Sporcle, you need to verify the email address you used during registration. Go to your Sporcle Settings to finish the process.

Report this User

Report this user for behavior that violates our Community Guidelines.

Details: